Nepeňažný vklad do obchodnej spoločnosti fyzickou osobou

Účasť fyzickej osoby na podnikaní právnickej osoby svojim vkladom. Nepeňažný vklad podľa Obchodného zákonníka. Nepeňažný vklad fyzickou osobou podľa ZDP. Definícia vkladu na účely dane z príjmov. Úprava základu dane pri nepeňažných vkladoch vykonaných fyzickou osobou do obchodnej spoločnosti. Ocenen...

ver descrição completa

Na minha lista:
Detalhes bibliográficos
Autor principal: Brnová, Miroslava
Formato: Capítulo de Livro
Idioma:eslovaco
Assuntos:
Tags: Adicionar Tag
Sem tags, seja o primeiro a adicionar uma tag!

MARC

LEADER 00000naa a2200000 4500
001 0289049
005 20240417075220.0
041 0 |a slo 
044 |a SK 
245 1 0 |a Nepeňažný vklad do obchodnej spoločnosti fyzickou osobou  |c Miroslava Brnová 
520 |a Účasť fyzickej osoby na podnikaní právnickej osoby svojim vkladom. Nepeňažný vklad podľa Obchodného zákonníka. Nepeňažný vklad fyzickou osobou podľa ZDP. Definícia vkladu na účely dane z príjmov. Úprava základu dane pri nepeňažných vkladoch vykonaných fyzickou osobou do obchodnej spoločnosti. Ocenenie nepeňažného vkladu podľa § 8 ods. 2 ZDP. Majetok. Ocenenie vkladaného majetku podľa § 25 ods.1 a ods. 3 ZDP. Individuálne vložená pohľadávka. Zásoby. Zahrnutie oceňovacieho rozdielu nepeňažného vkladu do základu dane. Nepeňažný vklad realizovaný podnikateľom účtujúcim v jednoduchom účtovníctve. Nepeňažný vklad v reálnych hodnotách - § 17b. Nepeňažný vklad v pôvodných cenách - § 17d. 
610 2 0 |a spoločnosti obchodné 
610 2 0 |a vklady 
610 2 0 |a osoby fyzické 
610 2 0 |a zákony 
610 2 0 |a zákonník obchodný 
610 2 0 |a dane z príjmov 
610 2 0 |a majetok 
100 1 |a Brnová, Miroslava